Online
Catalog

Fundar la gloria / (Record no. 9995)

MARC details
000 -CABECERA
campo de control de longitud fija 00755cam a2200241 a 4500
001 - NÚMERO DE CONTROL
campo de control 000010236
005 - FECHA Y HORA DE LA ÚLTIMA TRANSACCIÓN
campo de control 20200929162217.0
008 - DATOS DE LONGITUD FIJA--INFORMACIÓN GENERAL
campo de control de longitud fija 030609s1988 cu 000 p spa
035 ## - NÚMERO DE CONTROL DEL SISTEMA
Número de control de sistema (UyMoLRL)lr2512
040 ## - FUENTE DE LA CATALOGACIÓN
Centro catalogador/agencia de origen DO-SdBNP
Centro/agencia transcriptor DLC
Centro/agencia modificador BNPHU
082 ## - NÚMERO DE LA CLASIFICACIÓN DECIMAL DEWEY
Número de clasificación Cu861.44
Número de documento/Ítem R669f
049 ## - FONDOS LOCALES (OCLC)
Fondos de biblioteca BNGR
100 1# - ENTRADA PRINCIPAL--NOMBRE DE PERSONA
Nombre de persona Rocasolano, Alberto,
Fechas asociadas al nombre 1935-
9 (RLIN) 25242
245 10 - MENCIÓN DE TÍTULO
Título Fundar la gloria /
Mención de responsabilidad, etc. Alberto Rocasolano ; Luis Marré.
260 ## - PUBLICACIÓN, DISTRIBUCIÓN, ETC.
Lugar de publicación, distribución, etc. La Habana :
Nombre del editor, distribuidor, etc. Unión de Escritores y Artistas de Cuba,
Fecha de publicación, distribución, etc. 1988.
300 ## - DESCRIPCIÓN FÍSICA
Extensión 120 p. ;
Dimensiones 20 cm.
490 1# - MENCIÓN DE SERIE
Mención de serie Contemporáneos
650 #4 - PUNTO DE ACCESO ADICIONAL DE MATERIA--TÉRMINO DE MATERIA
Término de materia o nombre geográfico como elemento de entrada Poesía cubana
9 (RLIN) 5226
650 #4 - PUNTO DE ACCESO ADICIONAL DE MATERIA--TÉRMINO DE MATERIA
Término de materia o nombre geográfico como elemento de entrada Literatura cubana
Subdivisión cronológica SIGLO XX
9 (RLIN) 9186
700 1# - PUNTO DE ACCESO ADICIONAL--NOMBRE DE PERSONA
Nombre de persona Marré, Luis,
Término indicativo de función/relación ed.
9 (RLIN) 17357
830 #0 - PUNTO DE ACCESO ADICIONAL DE SERIE-TÍTULO UNIFORME
Título uniforme Contemporáneos.
9 (RLIN) 6941
910 ## - DATOS DE OPCIÓN DEL USUARIO (OCLC)
Datos de opción del usuario Catalogación por copia / LC
Holdings
Estado de retiro Estado de pérdida Restricciones de uso No para préstamo Código de colección Localización permanente Ubicación/localización actual Ubicación en estantería Fecha de adquisición Número de inventario Total de préstamos Signatura topográfica completa Código de barras Fecha visto por última vez Precio válido a partir de Tipo de ítem Koha
    Préstamo interno   Monografías: Libros y Folletos General General En catalogación 05.10.2009 LF1   Cu861.44 R669f 10236-10 25.06.2020 25.06.2020 Préstamo interno

Powered by Koha